000 00749nam a22002537a 4500
003 UA-OsUOA
001 75623
007 ta
008 20110527b un ||||| |||| 00| 0 ukr d
100 _aЧернихівська В.
700 _aЧернихівська Г.
090 _a82.09(477)
_bЧ-49
942 _cBK
040 _aUA-OsUOA
_bukr
_cUA-OsUOA
_dUA-OsUOA
245 _aГалина Гордасевич: життя і творчість
_bмонографія
300 _a220 с.
955 _a1
041 _aukr
080 _a82.09(477)
020 _a966-528-228-Х
260 _aКременець-Тернопіль
_c2010
650 7 _a82 Література. Літературознавство
_2UDC
999 _c361918
_d361918